Click a Pat Quiz Stats

 Plays Quiz Updated Jun 8, 2016

Also try: Click a Bill
Challenge
Share
Tweet
Embed
Score 0/20 Timer 06:00
3 Plays Today
% Correct
Swayze
94.7%
Stewart
90.9%
Benatar
89.7%
LaBelle
88.9%
Dempsey
84.1%
Arquette
83.8%
Sajak
83%
Kennedy
80.1%
Ewing
76.7%
Henry
76.6%
% Correct
Heaton
73.7%
Duffy
73.5%
Buchanan
70.3%
Kluivert
68.5%
Warburton
54.3%
McGoohan
53.5%
Summitt
53.5%
Harrington
52.9%
Roy
51.9%
Cash
45.7%

You're not logged in!

Compare scores with friends on all Sporcle quizzes.
Join for Free
OR
Log In

You Might Also Like...

Show Comments

Extras

Top Quizzes Today


Score Distribution

Your Account Isn't Verified!

In order to create a playlist on Sporcle, you need to verify the email address you used during registration. Go to your Sporcle Settings to finish the process.

Report this User

Report this user for behavior that violates our Community Guidelines.

Details: